000 00695nam a2200205Ia 4500
003 GCL
008 140319s9999 xx 000 0 ara d
040 _aGCL /
_cGCL
082 0 4 _a210.3
_bش م
100 1 _aانطوان ا الهاشم
245 1 0 _aمعجم الرموز الاسلامية :
_bشعائر، تصوف و حضارة /
_cانطوان ا الهاشم
700 1 _aشبل ، مالك
250 _aالاولى
260 _aبيروت :
_bدار الجيل ،
_c2000
300 _a392 ص ؛
_c24 سم
650 0 4 _aالقران - معاجم
650 0 4 _aالفقه الاسلامى - معاجم
650 0 4 _aالتصوف الاسلامى - معاجم
942 _2ddc
_cBK
999 _c7164
_d7164